• 首页
  • 本馆介绍
  • 公告通知
  • 最新文献
  • 馆藏检索
  • 电子资源
  • 读者导购
  • 参考咨询
  • 我的图书馆
  • 登录
  • 详细信息显示
  • 放入我的书架
  • 预约/预借图书
  • 作者相关作品
  • 分类相关作品
  • 丛书相关作品
  • 出版社相关作品

书目信息

  • 表格格式
  • 工作单格式
  • 卡片格式
题名:
汉书新证
    
 
作者: 陈直 著
分册:  
出版信息: 天津   天津人民出版社  1979
页数: 497页
开本: 20cm
丛书名:
单 册:
中图分类: K234.042
科图分类:
主题词: 史籍--考证--中国--两汉时代
电子资源:
ISBN:
000 00589nam0 2200229 45
001 1534944359
005 20150131195457.37
010    @dCNY1.52
091    @aCN@b11072.32
100    @a19950724d1979 em y0chiy0121 ea
101 0  @achi
102    @aCN@b120000
105    @ay z 000yy
200 10 @a汉书新证@Ahan shu xin zheng@f陈直著
210    @a天津@c天津人民出版社@d1979
215    @a497页@d20cm
605    @a汉书@x考证
606    @a史籍@x考证@y中国@z两汉时代
690    @aK234.042@v3
701  0 @a陈直@Achen zhi@4著
801  0 @aCN@bTSSF@c20150131
905    @aZUCC@dK234.042@eJY1
    
    汉书新证/陈直著.-天津:天津人民出版社,1979
    497页;20cm
    
    
    ISBN :CNY1.52
    
●
相关链接 在E读中查询图书 在五车中查询图书 在当当中查询图书 在豆瓣中查询图书


正题名:汉书新证     索取号:K234.042/JY1         预约/预借

序号 登录号 条形码 馆藏地/架位号 状态 备注
1 7844366   278443668   学院路分馆/ [索取号:K234.042/JY1] 在馆    
2 7844367   278443677   学院路分馆/ [索取号:K234.042/JY1] 在馆    
唐山师范学院图书馆 欢迎您!
大连网信软件有限公司© 版权所有